| 000 | 00969cam a22002891 4500 | ||
|---|---|---|---|
| 001 | sg 46000214 | ||
| 003 | DLC | ||
| 005 | 20260227112750.0 | ||
| 008 | 750829s1946 xx 000 0 eng | ||
| 010 | _asg 46000214 | ||
| 035 | _a(OCoLC)1581674 | ||
| 040 |
_aDLC _cFM _dOCoLC _dDLC |
||
| 042 | _apremarc | ||
| 050 | 0 | 0 |
_aHV6080 _b.S36 |
| 082 | _a364 | ||
| 100 | 1 |
_aSeliger, Robert V. _q(Robert Victor), _d1900- _eed. |
|
| 245 | 1 | 0 |
_aContemporary criminal hygiene, _ca source book edited by Robert V. Seliger, M. D., Edwin J. Lukas, L.L. B. [and] Robert M. Lindner, PH.D. |
| 260 |
_a[Baltimore] _bOakridge press, _c1946. |
||
| 300 |
_a240 p. _b22 cm. |
||
| 500 | _a"First printing, May, 1946." | ||
| 500 | _aReferences at end of some of the chapters. | ||
| 650 | 0 | _aCrime and criminals. | |
| 650 | 0 | _aCriminal psychology. | |
| 700 | 1 |
_aLukas, Edwin J., _ejoint ed. |
|
| 700 | 1 |
_aLindner, Robert Mitchell, _d1914-1956, _ejoint ed. |
|
| 740 | 0 | _aCriminal hygiene. | |
| 999 |
_c90808 _d90808 |
||